000 00491nam a2200181Ia 4500
005 20250326124247.0
008 250326s9999 xx 000 0 und d
037 _aTextbook
040 _aFMSL
_beng
_cFMSL
041 _aeng
_2eng
084 _aX:51:f L9
_qFMSL
100 _aMcgown K L
_9125399
245 0 _aMarketing research : text and cases
_cMcgown K L
260 _aUSA
_bUSA, Winthrop
_c1979
300 _a432p
942 _cTB
_hX:51:f L9
999 _c1272983
_d1272983